| 000 | 01083nam a22003377a 4500 | ||
|---|---|---|---|
| 003 | CHAP | ||
| 005 | 20220329140548.0 | ||
| 008 | 971013s1980 r 00010 d | ||
| 010 | _a53975 | ||
| 011 | _a54947 | ||
| 035 | _a59099 | ||
| 040 | _cCHAP | ||
| 082 |
_a631.0913 _bR8 1980 |
||
| 100 | 0 | 0 |
_aRuthenberg, Hans. _9100989 |
| 245 | _aFarming systems in the tropics | ||
| 250 | _a3 ed. | ||
| 260 |
_aOxford : _bClarendon, _c1980 |
||
| 300 |
_a424 p. _b: ilus. ; láms. |
||
| 490 | _aOxford science publications | ||
| 590 |
_aBATCH-UPD _b10 _c20130110 _lUCH01 _h0429 |
||
| 590 |
_aBATCH-UPD _b10 _c20130410 _lUCH01 _h0104 |
||
| 590 |
_aBATCH-UPD _b10 _c20130913 _lUCH01 _h2355 |
||
| 590 |
_aCONVERSION _b10 _c20130109 _lUCH01 _h1329 |
||
| 650 | 1 | 4 |
_aAgricultura _xTrópicos. _91888 |
| 650 | 1 | 4 |
_aSistemas de cultivo. _9106746 |
| 830 | 0 |
_aOxford science publications _984457 |
|
| 901 | _aBK | ||
| 942 | _cLIBRO | ||
| 949 |
_a631.0913 R8 1980 _bBC _cLIBRO _d33724000053302 _eLIBRO _h50399 _i59099 _si |
||
| 949 |
_a631.0913 R8 1980 _bBC _cLIBRO _d33724000053310 _eLIBRO _fc.2 _h50542 _i59099 _si |
||
| 999 |
_c53975 _d53975 |
||